000 00354nam a2200145Ia 4500
008 230917s9999||||xx |||||||||||||| ||und||
040 _e210377
_aMAIN
041 _aEnglish
082 _a658.3 L976H
100 _aLussier, Robert N
245 0 _aHuman Resource Management
260 _aNew Delhi
_bSage Publications
300 _a588 p.
942 _cBK
999 _c172054
_d172054